000 01298nam a2200241Ii 4500
003 JO-AjNU
008 230605s9999||||xx |||||||||||||| ||und||
017 _a2015/11/5618
020 _a978-9957-94-206-9
040 _aJO-AjNU
_bara
_erda
_cJO-AjNU
041 _aara
050 1 4 _aDS154.9.A4.M38 2015
100 3 _aرئيس التحريرالغرايبة، خليف مصطفى واخرون؛ التدقيق اللغوي عارف عواد الهلال؛ التنسيق والاخراج الفني محمد الزعبي,
_eauthor
_961152
245 0 0 _aموسوعة المعارف الاردنية: محافظة عجلون، جغرافية عجلون الطبيعية(معطيات المكان)، ج1
250 _aط1
264 3 1 _aعمان: وزارة الثقافة، 2015
300 _aج1: 363ص
_bاصدار خاص بدعم من وزارة الثقافة (عجلون مدينة الثقافة الاردنية لعام 2013) يحتوي على خرائط وصور توضيحية
336 _atext
_btxt
_2rdacontent
337 _aunmediated
_bn
_2rdamedia
338 _avolume
_bnc
_2rdacarrier
490 0 _aسلسلة كتب ثقافية تصدرها وزارة الثقافة، كتاب الشهر 189
650 4 _aعجلون-الاردن-تاريخ -دوائر معارف
_961153
999 _aA27623
_c31191
_d31191